000 00982cab a22002055a 4500
001 L143473
008 080514e20080509xxk f 000 0 eng d
035 _a(Sirsi) u143473
041 0 _aeng
100 1 _aMcMeeken, Roxane
245 0 0 _aEgan 10 years on
260 _c2008
490 0 _aBuilding
_v273(8528) 9 May 2008, 30-33(3)
520 _aDiscusses the impact of Egan's "Rethinking construction" (ISBN 1851120947) report 10 years on. Looks at Egan's original targets, and considers why many of his recommendations haven't been implemented. In particular, highlights OFT's recent investigation into contractor's rigging bids and points to research from Construction Excellence which measures progress towards the Egan goals. Concludes that while the industry has not yet achieved Egan?s nirvana, it has moved forward somewhat on all seven targets.
590 _aKA
650 2 4 _aEGAN REFORMS
651 4 _aUnited Kingdom
_y
690 _aBUILT ENVIRONMENT
942 _n0
999 _c80197
_d80197